El Arsenal invisible: armas livianas y seguridad ciudadana en la posguerra centroamericana

Es un documento que hace alusión a un libro presentado en el Primer Foro Centroamericano sobre la Proliferación de Armas Livianas (Foro de Antigua). Pretende que el lector se entere de las dimensiones y efectos devastadores de la proliferación de armas pequeñas y ligeras es el primer etudio académi...

Ausführliche Beschreibung

Gespeichert in:
Bibliographische Detailangaben
Format: Text
Schlagworte:
Tags: Tag hinzufügen
Keine Tags, Fügen Sie den ersten Tag hinzu!

MARC

LEADER 00000 a a2200000 04500
001 7420
003
040
245 |a El Arsenal invisible:   |b armas livianas y seguridad ciudadana en la posguerra centroamericana  
520 |a Es un documento que hace alusión a un libro presentado en el Primer Foro Centroamericano sobre la Proliferación de Armas Livianas (Foro de Antigua). Pretende que el lector se entere de las dimensiones y efectos devastadores de la proliferación de armas pequeñas y ligeras   |a es el primer etudio académico de la región dedicado explícitamente a la relación entre las armas de fuego y la violencia social./ICC/  
650 |a SEGURIDAD SOCIAL  
650 |a PAZ  
650 |a ARMAS  
650 |a VIOLENCIA  
650 |a DELITOS  
650 |a BIENESTAR SOCIAL  
650 |a PROBLEMAS SOCIALES  
773 |g número 14; páginas 48-49  
999 |c 33572  |d 33572